000 00229nam a22000857a 4500
008 160718b xxu||||| |||| 00| 0 eng d
100 _93031
_aSinghal A
245 _aABC of Mathematics
260 _aNew Delhi
_bHoly Faith Publication
_c2008
999 _c2594
_d2594